A Short Economic History of Modern Japan (Record no. 5213)

MARC details
000 -LEADER
fixed length control field 00482cam a2200181ua 4500
001 - CONTROL NUMBER
control field 6065
005 - DATE AND TIME OF LATEST TRANSACTION
control field 20260515113956.0
008 - FIXED-LENGTH DATA ELEMENTS--GENERAL INFORMATION
fixed length control field 131114n ii |||gr||||Z||||||eng
040 ## - CATALOGING SOURCE
Transcribing agency MAIN
082 ## - DEWEY DECIMAL CLASSIFICATION NUMBER
Classification number 952
245 11 - TITLE STATEMENT
Title A Short Economic History of Modern Japan
Statement of responsibility, etc. By G.C. Allen
260 ## - PUBLICATION, DISTRIBUTION, ETC.
Place of publication, distribution, etc. London:
Name of publisher, distributor, etc. George Allen & Unwin LTD,
Date of publication, distribution, etc. 1962.
300 ## - PHYSICAL DESCRIPTION
Extent x,233p.
653 ## - INDEX TERM--UNCONTROLLED
Uncontrolled term History
653 ## - INDEX TERM--UNCONTROLLED
Uncontrolled term A Short Economic History of Modern Japan
700 1# - ADDED ENTRY--PERSONAL NAME
Personal name Allen,G.C.,
Relator term Author.
942 ## - ADDED ENTRY ELEMENTS (KOHA)
Koha item type Books
Holdings
Withdrawn status Lost status Damaged status Not for loan Home library Current library Shelving location Date acquired Total checkouts Full call number Barcode Date last seen Copy number Price effective from Koha item type
        Naharkatiya College Library Naharkatiya College Library General stacks 09/19/2020   952 | ALL 3494 09/19/2020 1 09/19/2020 Books